Výrazný úspech Expozícia STS a OPS na výstave Záhrada Čech

Bibliographic Details
Main Author: (vsv) (Author)
Format: Article
Language:Slovak
Subjects:

MARC

LEADER 00000nab a2200000 a 4500
001 vtls000011505
003 SK-MaSNL
005 20260303021323.0
008 111103c1978 xo 0 slo
015 |a SNBRB19rr/mm-uuuuu 
035 |a CL0021599 
040 |a SNKBUCL  |b slo  |c SNKBUCL  |e AACR2 
041 0 |a slo 
044 |a xo  |c SK 
080 |a 631.3  |2 1981 
080 |a 631  |2 1981 
100 1 |a (vsv)  |4 aut  |9 934956 
245 1 0 |a Výrazný úspech  |b Expozícia STS a OPS na výstave Záhrada Čech  |c (vsv) 
650 0 7 |a Strojové a traktorové stanice  |2 snkbucl  |9 921233 
650 0 7 |a opravovne poľnohospodárskych strojov  |2 snkbucl  |9 921237 
651 7 |a 3506  |2 snkbucl  |9 933135 
655 7 |a články z novín a časopisov  |2 snkbucl  |9 267496 
773 0 |t Roľnícke noviny  |g Roč. 33, č. 258 (1. 11. 1978), s. 5 
850 |a Slovenská národná knižnica v Martine  |a MTA001 
852 |a SNK  |b KIS3GCP 
958 |a RK 
992 |a RBX 
999 |c 1622609  |d 1624539